|
|
|
|
| LEADER |
00000nab a2200000ua 4500 |
| 001 |
vtls010772686 |
| 003 |
SK-MaSNL |
| 005 |
20260303114644.0 |
| 008 |
230127s1984 xo |||||||||||||||||slo| |
| 035 |
|
|
|a (urnnbn)urn:nbn:sk:snk:ar-a04i7q
|
| 035 |
|
|
|a (uuid)474c41a0-2c4d-43e8-a2fa-b0f3aac6173b
|
| 035 |
|
|
|a urn:nbn:sk:snk-ab4srs
|
| 040 |
|
|
|a SNKBUCL
|b slo
|c SNKBUCL
|e AACR2
|
| 041 |
0 |
|
|a slo
|
| 044 |
|
|
|a xo
|c SK
|
| 100 |
1 |
|
|a Botík, Ján,
|d 1938-
|4 aut
|9 214842
|
| 245 |
1 |
0 |
|a SOCIÁLNE MIGRÁCIE AKO ČINITEĽ FUNGOVANIA TRADÍCIÍ ĽUDOVEJ KULTÚRY
|c Ján Botík
|
| 773 |
0 |
|
|t Národopisné informácie
|g Č. 2 (1984), s. 110-116
|
| 954 |
|
|
|a odborná, vedecká literatúra pôvodná (slovenská)
|2 lita
|
| 958 |
|
|
|a OND
|
| 958 |
|
|
|a EUIPO
|
| 958 |
|
|
|a article3
|
| 999 |
|
|
|c 1899345
|d 1901275
|